Städtenamen - ins Deutsche übersetzt - Statistiken

Allgemein
  • Dieses Quiz wurde 1.226 mal gespielt
  • Das Durchschnittsergebnis liegt bei 6 aus 20
Antwortstatistiken
Stadt (Deutsch) Sprache Stadt % Korrekt
Leberbecken Englisch Liverpool
88%
Die Engel Spanisch Los Angeles
75%
Mannbrüster Englisch Manchester
71%
Fluss des Januars Portugiesisch Rio de Janeiro
65%
Weißes Haus Spanisch Casablanca
40%
Gute Winde Spanisch Buenos Aires
33%
Weiße Stadt Serbisch Belgrad
31%
Kaiserliche Residenz Japanisch Kyoto
31%
Frühlingshügel Hebräisch Tel Aviv
24%
Der Frieden Spanisch La Paz
22%
Beherrsche den Osten Russisch Wladiwostok
12%
Gottesgeschenk Persisch Bagdad
10%
Königsberg Französisch Montreal
10%
Untere Neustadt Russisch Nischni Nowgorod
9%
Boot Polnisch Łódź
8%
Freudiger Hafen Portugiesisch Porto Alegre
7%
Weisheit Griechisch Sofia
7%
Südliche Hauptstadt Chinesisch Nanjing
6%
Neustadt Griechisch Neapel
6%
Bruderliebe Griechisch Philadelphia
5%
Keine übereinstimmenden Quizze gefunden
Verteilung der Resultate
Anzahl Personen mit jedem Resultat
Perzentil nach korrekt beantworteten Fragen
Ihre Resultats-Entwicklung
Sie haben dieses Quiz noch nicht gespielt